Bố già điện Kremli Boris Berezovski = Chuyện về cuộc cướp bóc nước Nga

Bewaard in:
Bibliografische gegevens
Hoofdauteur: Pavel Khlevnicov
Formaat: Boek
Taal:Undetermined
Gepubliceerd in: Hà Nội CAND 2002
Onderwerpen:
Tags: Voeg label toe
Geen labels, Wees de eerste die dit record labelt!
Thư viện lưu trữ: Trung tâm Học liệu Trường Đại học Cần Thơ
LEADER 00605nam a2200181Ia 4500
001 CTU_48159
008 210402s9999 xx 000 0 und d
082 |a 891.75 
082 |b K45 
100 |a Pavel Khlevnicov 
245 0 |a Bố già điện Kremli Boris Berezovski = 
245 0 |b Chuyện về cuộc cướp bóc nước Nga 
245 0 |c Pavel Khlevnicov; Dịch giả: Nguyễn Văn Thảo 
260 |a Hà Nội 
260 |b CAND 
260 |c 2002 
650 |a russian fiction - 20th century ( vietnamese ) 
980 |a Trung tâm Học liệu Trường Đại học Cần Thơ